000 00766nac a22002417a 4500
001 BR9101806
003 BR-BrBNA
005 20240105121200.0
008 230509b bl.|||m| |||| 00| 0 por d
040 _aBR-BrBNA
_bpor
_cBiblioteca Nacional de Agricultura
072 _aB50; F01
090 _a2120 BR9101806
110 1 _aInstituto Brasileiro do Cafe, Rio de Janeiro, RJ (Brasil)
_95880
245 1 _aImportancia economica do cafe do Brasil
260 3 _aRio de Janeiro, RJ (Brasil):
_c[nd].
300 _a23 p.
490 _aInstrucoes Tecnicas sobre a Cultura de Cafe no Brasil (Brazil)
_vno. 1
_x
500 _aPublished after 1981
650 _aCAFE
650 _aHISTORIA
909 _a202312
_bLúcia Elande
_c55
_dLúcia Elande
942 _2AGRIS
_n0
_cMS
999 _c283781
_d283781